| 000 | 00574cam a2200193 4500 | ||
|---|---|---|---|
| 001 | D15823 | ||
| 008 | 090401t1981 xxu||||| |||| 00| 0 eng d | ||
| 035 | _a(Sirsi) u25392 | ||
| 041 | _aeng | ||
| 050 | _a622.8 | ||
| 110 |
_aRoyal Institution of Chartered Surveyors _bMinerals Division _91255 |
||
| 245 | 4 | _aThe problem of disused mine shafts. One-day conference, Wednesday 2 December 1981 | |
| 260 |
_aLondon _bSurveyors` Technical Services _c1981 |
||
| 300 | _a3 papers | ||
| 350 | _a0 | ||
| 520 | _aFiled in box RICS 1981/90 ABC | ||
| 942 | _n0 | ||
| 948 | _c04/03/1997 | ||
| 999 |
_c88728 _d88728 |
||